Normal view
MARC view
- REINDERS,JAMES MC MICHAEL
Entry Personal Name
001 - CONTROL NUMBER
- control field: 89341
003 - CONTROL NUMBER IDENTIFIER
- control field: NUST
005 - DATE AND TIME OF LATEST TRANSACTION
- control field: 20220222105217.0
008 - FIXED-LENGTH DATA ELEMENTS
- fixed length control field: 220222|| aca||aabn | a|a d
040 ## - CATALOGING SOURCE
- Original cataloging agency: NUST
- Transcribing agency: NUST
100 ## - HEADING--PERSONAL NAME
- Personal name: REINDERS,JAMES MC MICHAEL
670 ## - SOURCE DATA FOUND
- Source citation: Work cat.: (NUST): REINDERS,JAMES MC MICHAEL., STRUCTURED PARALLEL PROGRAMMING /, 2012.
